| 000 | 00461nam a22001577a 4500 | ||
|---|---|---|---|
| 999 |
_c60573 _d60573 |
||
| 005 | 20230908112159.0 | ||
| 008 | 230908s1957 enk||||| |||| 00| 0 eng d | ||
| 041 | _aeng | ||
| 080 | _a94(37) The-44 | ||
| 245 |
_aThe Twelve Caesars: Suetonius / _cTranslate by Robert Graves. |
||
| 264 |
_aNew York, _c1957. |
||
| 300 |
_a288 p. : _bill.; _c25 cm. |
||
| 653 | _aთორმეტი კეისარი | ||
| 653 | _aისტორია | ||
| 942 |
_2udc _cBK |
||